[Event "LSS No Engine Cup 193 Preliminary 0"]
[Site "LSS email"]
[Date "2019.09.09"]
[Round "?"]
[White "Ruzicka, Richard"]
[Black "Schleef, Harald"]
[Result "0-1"]
[WhiteElo "1756"]
[BlackElo "2037"]
[PlyCount "54"]
[EventDate "2019.09.10"]
[EventType "tourn (corr)"]
[EventRounds "6"]
[EventCountry "GER"]
[SourceTitle "Corr 2022"]
[Source "ChessBase"]
[SourceDate "2021.10.24"]
[SourceVersion "1"]
[SourceVersionDate "2021.10.24"]
[SourceQuality "1"]

1. e4 c5 2. d4 cxd4 3. c3 dxc3 4. Nxc3 d6 5. Nf3 Nc6 6. Bc4 a6 7. 0-0 Nf6 8. Qe2 Bg4 9. Rd1 e6 10. h3 Bxf3 11. gxf3 g5 12. f4 gxf4 13. Bxf4 Rg8+ 14. Kh1 Nd7 15. Qe3 Nce5 16. Be2 Rc8 17. Rac1 Qh4 18. Rg1 Rxg1+ 19. Rxg1 Qd8 20. Rg8 Qa5 21. Bh6 Ng6 22. Bxf8 Ngxf8 23. Qf4 Ke7 24. Qd2 Qc5 25. Rg2 Nf6 26. f4 Ng6 27. f5 Nh4 0-1

[Event "LSS No Engine Cup 184 Final"]
[Site "LSS email"]
[Date "2019.08.09"]
[Round "?"]
[White "Jenneborg, Seved"]
[Black "Ruzicka, Richard"]
[Result "1/2-1/2"]
[WhiteElo "2248"]
[BlackElo "1714"]
[PlyCount "92"]
[EventDate "2019.08.10"]
[EventType "tourn (corr)"]
[EventRounds "6"]
[EventCountry "GER"]
[SourceTitle "Corr 2022"]
[Source "ChessBase"]
[SourceDate "2021.10.24"]
[SourceVersion "1"]
[SourceVersionDate "2021.10.24"]
[SourceQuality "1"]

1. d4 Nf6 2. c4 e6 3. Nc3 d5 4. Nf3 c5 5. cxd5 exd5 6. Bg5 Nc6 7. Bxf6 gxf6 8. e3 c4 9. Be2 Rb8 10. 0-0 Bg7 11. a4 Na5 12. Qb1 Nb3 13. Ra2 Be6 14. Bd1 Na5 15. e4 0-0 16. exd5 Bxd5 17. Qf5 Bxf3 18. Bxf3 Nc6 19. Be4 Re8 20. Qxh7+ Kf8 21. d5 Nd4 22. Raa1 Qb6 23. Rab1 Rbd8 24. Qh3 a6 25. g4 f5 26. gxf5 Qh6 27. Qxh6 Bxh6 28. Rfd1 Bg7 29. f3 b5 30. axb5 axb5 31. Kf1 Be5 32. h4 Ra8 33. h5 b4 34. d6 Rad8 35. Nd5 Rxd6 36. Rbc1 Red8 37. Rxc4 Nxf5 38. Bxf5 Rxd5 39. Rxd5 Rxd5 40. Rxb4 Bd6 41. Be4 Rxh5 42. Rb7 Re5 43. b4 f5 44. Bc2 Re3 45. Bd1 f4 46. b5 Ke8 1/2-1/2

[Event "LSS No Engine Cup 184 Final"]
[Site "LSS email"]
[Date "2019.08.09"]
[Round "?"]
[White "Ruzicka, Richard"]
[Black "Van Bommel, Ton"]
[Result "0-1"]
[WhiteElo "1714"]
[BlackElo "2397"]
[PlyCount "62"]
[EventDate "2019.08.10"]
[EventType "tourn (corr)"]
[EventRounds "6"]
[EventCountry "GER"]
[SourceTitle "Corr 2022"]
[Source "ChessBase"]
[SourceDate "2021.10.24"]
[SourceVersion "1"]
[SourceVersionDate "2021.10.24"]
[SourceQuality "1"]

1. e4 c5 2. d4 cxd4 3. c3 dxc3 4. Nxc3 Nc6 5. Nf3 d6 6. Bc4 a6 7. 0-0 e6 8. Qe2 Nge7 9. Bg5 h6 10. Bh4 b5 11. Bb3 Ra7 12. Rfd1 Rd7 13. Bg3 Ng6 14. Rac1 Bb7 15. Nd4 Nxd4 16. Rxd4 Be7 17. Rcd1 0-0 18. f4 d5 19. Kh1 Bc5 20. R4d2 Re8 21. e5 Bb4 22. Rd4 Qe7 23. a4 Rc7 24. axb5 Bxc3 25. bxc3 Rxc3 26. Qb2 Rec8 27. bxa6 Bxa6 28. Be1 Re3 29. Bf2 Re2 30. R1d2 Qb7 31. Rxe2 Bxe2 0-1

[Event "LSS No Engine Cup 189 Preliminary 0"]
[Site "LSS email"]
[Date "2019.04.15"]
[Round "?"]
[White "Campbell, Iain"]
[Black "Ruzicka, Richard"]
[Result "0-1"]
[WhiteElo "1807"]
[BlackElo "1694"]
[PlyCount "108"]
[EventDate "2019.04.16"]
[EventType "tourn (corr)"]
[EventRounds "6"]
[EventCountry "GER"]
[SourceTitle "Corr 2022"]
[Source "ChessBase"]
[SourceDate "2021.10.24"]
[SourceVersion "1"]
[SourceVersionDate "2021.10.24"]
[SourceQuality "1"]

1. d4 Nf6 2. c4 e6 3. Nc3 Bb4 4. Qc2 0-0 5. Bg5 h6 6. Bh4 c5 7. dxc5 Na6 8. a3 Bxc3+ 9. Qxc3 Nxc5 10. Bxf6 Qxf6 11. Qxf6 gxf6 12. Rd1 Rd8 13. b4 Na4 14. e3 b6 15. Nf3 Bb7 16. Be2 d5 17. cxd5 Bxd5 18. Rc1 Rac8 19. 0-0 Nc3 20. Ba6 Rc7 21. Nd4 e5 22. Nf5 b5 23. Kh1 Be6 24. Ng3 Rd6 25. Rxc3 Rxc3 26. Ne4 Rxa3 27. Nxd6 Rxa6 28. Ne4 Kg7 29. Nc5 Ra2 30. Nxe6+ fxe6 31. Kg1 Rb2 32. Ra1 Kg6 33. f3 e4 34. Rxa7 Rxb4 35. Kf2 Rb2+ 36. Kg3 exf3 37. Kxf3 e5 38. Rb7 h5 39. Rb6 b4 40. h4 Kf5 41. Rb5 b3 42. e4+ Kg6 43. Rb6 Rb1 44. Rb5 b2 45. Kf2 Kf7 46. Rb7+ Ke6 47. Rb6+ Ke7 48. Rb7+ Kd8 49. Rb6 Kc7 50. Rb3 Kc6 51. Rc3+ Kb5 52. Rb3+ Kc4 53. Rb8 Kc3 54. Rb7 Rc1 0-1

[Event "LSS No Engine Cup 184 Preliminary 0"]
[Site "LSS email"]
[Date "2018.12.02"]
[Round "?"]
[White "Ruzicka, Richard"]
[Black "Lonyuk, Bohdan"]
[Result "1/2-1/2"]
[WhiteElo "1696"]
[BlackElo "1538"]
[PlyCount "66"]
[EventDate "2018.12.03"]
[EventType "tourn (corr)"]
[EventRounds "6"]
[EventCountry "GER"]
[SourceTitle "Corr 2022"]
[Source "ChessBase"]
[SourceDate "2021.10.24"]
[SourceVersion "1"]
[SourceVersionDate "2021.10.24"]
[SourceQuality "1"]

1. e4 c5 2. d4 cxd4 3. c3 Nf6 4. e5 Nd5 5. cxd4 d6 6. Nf3 e6 7. Nc3 Nxc3 8. bxc3 Qc7 9. Bd2 Nd7 10. Bb5 a6 11. Bxd7+ Bxd7 12. 0-0 Bc6 13. Re1 Be7 14. Rc1 0-0 15. Bf4 Rac8 16. exd6 Bxd6 17. Bxd6 Qxd6 18. Ng5 Qd5 19. Nf3 Qxa2 20. Qd3 g6 21. Ne5 b5 22. Ra1 Qd5 23. f3 Bb7 24. Qe3 f6 25. Ng4 g5 26. Qxe6+ Qxe6 27. Rxe6 Rxc3 28. Re7 Bc8 29. Nh6+ Kh8 30. Nf7+ Kg8 31. Nh6+ Kh8 32. Nf7+ Kg8 33. Nh6+ Kh8 1/2-1/2

[Event "LSS No Engine Cup 184 Preliminary 0"]
[Site "LSS email"]
[Date "2018.12.02"]
[Round "?"]
[White "Shim Ng Min, Francis"]
[Black "Ruzicka, Richard"]
[Result "0-1"]
[WhiteElo "1475"]
[BlackElo "1696"]
[PlyCount "38"]
[EventDate "2018.12.03"]
[EventType "tourn (corr)"]
[EventRounds "6"]
[EventCountry "GER"]
[SourceTitle "Corr 2022"]
[Source "ChessBase"]
[SourceDate "2021.10.24"]
[SourceVersion "1"]
[SourceVersionDate "2021.10.24"]
[SourceQuality "1"]

1. e4 c5 2. Nf3 Nc6 3. Bb5 g6 4. 0-0 Bg7 5. c3 Nf6 6. Re1 0-0 7. d4 cxd4 8. cxd4 a6 9. Bxc6 dxc6 10. h3 c5 11. d5 b5 12. Nbd2 Nd7 13. Nf1 Ne5 14. Nxe5 Bxe5 15. Rb1 e6 16. dxe6 Bxe6 17. Qxd8 Rfxd8 18. b3 c4 19. Be3 c3 0-1

[Event "LSS No Engine Cup 182 Preliminary 0"]
[Site "LSS email"]
[Date "2018.09.13"]
[Round "?"]
[White "Feng, Jason"]
[Black "Ruzicka, Richard"]
[Result "1/2-1/2"]
[WhiteElo "1312"]
[BlackElo "1674"]
[PlyCount "75"]
[EventDate "2018.09.14"]
[EventType "tourn (corr)"]
[EventRounds "6"]
[EventCountry "GER"]
[SourceTitle "Corr 2022"]
[Source "ChessBase"]
[SourceDate "2021.10.24"]
[SourceVersion "1"]
[SourceVersionDate "2021.10.24"]
[SourceQuality "1"]

1. e4 c5 2. b3 e5 3. Bb2 d6 4. Nf3 Nc6 5. Be2 Nf6 6. 0-0 Nxe4 7. d3 Nf6 8. Nbd2 Be7 9. Ne4 0-0 10. Nxf6+ Bxf6 11. Re1 h6 12. Bf1 Bg4 13. h3 Bh5 14. Be2 Re8 15. Nd2 Bxe2 16. Qxe2 b5 17. Ne4 Be7 18. d4 exd4 19. Qxb5 Qb6 20. Qd3 Ne5 21. Qg3 Rad8 22. Bc1 Kh7 23. Bf4 Ng6 24. Re2 d5 25. Nd2 Nxf4 26. Qxf4 Qf6 27. Qxf6 Bxf6 28. Rae1 Rxe2 29. Rxe2 a6 30. g3 Kg6 31. Kg2 h5 32. f4 Kf5 33. Nf3 g5 34. fxg5 Bg7 35. Re7 Kg6 36. h4 Rd6 37. Ne5+ Bxe5 38. Rxe5 1/2-1/2

[Event "LSS No Engine Cup 180 Preliminary 0"]
[Site "LSS email"]
[Date "2018.07.08"]
[Round "?"]
[White "Pliska, Miroslav"]
[Black "Ruzicka, Richard"]
[Result "0-1"]
[WhiteElo "1471"]
[BlackElo "1647"]
[PlyCount "104"]
[EventDate "2018.07.09"]
[EventType "tourn (corr)"]
[EventRounds "6"]
[EventCountry "GER"]
[SourceTitle "Corr 2022"]
[Source "ChessBase"]
[SourceDate "2021.10.24"]
[SourceVersion "1"]
[SourceVersionDate "2021.10.24"]
[SourceQuality "1"]

1. f4 d5 2. Nf3 Nc6 3. e3 g6 4. Bb5 Bg4 5. Bxc6+ bxc6 6. 0-0 Bg7 7. d3 Nf6 8. Qe1 0-0 9. Nbd2 Qd6 10. Qg3 Rab8 11. Ne5 Bf5 12. b3 Nd7 13. Ndf3 c5 14. Bb2 f6 15. Nxd7 Bxd7 16. Rae1 Rfe8 17. Ba3 Qb6 18. Qf2 Qa5 19. Bc1 c4 20. Qe2 Qxa2 21. dxc4 c6 22. Qd3 Bf5 23. Qd2 Qxc2 24. Qa5 Qxb3 25. cxd5 Qxd5 26. Qxa7 Ra8 27. Qd4 e5 28. fxe5 fxe5 29. Qh4 Bd3 30. Rf2 h6 31. e4 g5 32. Bxg5 Qd6 33. Be3 Qg6 34. Nd2 Rf8 35. Rxf8+ Rxf8 36. Bc5 Ra8 37. Qe7 Bb5 38. Nf3 Ra2 39. Bf2 Qf7 40. Qd6 Qf6 41. Qb8+ Qf8 42. Qc7 Qf7 43. Qb6 Kh7 44. Qc5 Qb3 45. Nxe5 Rc2 46. Qd6 Rxf2 47. Qg6+ Kg8 48. Ng4 Rf8 49. Nxh6+ Kh8 50. Nf5 Qf7 51. Qg4 Be5 52. Re3 Bd4 0-1

[Event "LSS No Engine Cup 179 Preliminary 0"]
[Site "LSS email"]
[Date "2018.05.28"]
[Round "?"]
[White "Reede, Arvo"]
[Black "Ruzicka, Richard"]
[Result "1/2-1/2"]
[WhiteElo "1819"]
[BlackElo "1657"]
[PlyCount "48"]
[EventDate "2018.05.29"]
[EventType "tourn (corr)"]
[EventRounds "6"]
[EventCountry "GER"]
[SourceTitle "Corr 2022"]
[Source "ChessBase"]
[SourceDate "2021.10.24"]
[SourceVersion "1"]
[SourceVersionDate "2021.10.24"]
[SourceQuality "1"]

1. c4 Nf6 2. Nc3 e6 3. Nf3 b6 4. e3 Bb7 5. Be2 Be7 6. 0-0 0-0 7. d4 d5 8. b3 c5 9. cxd5 Nxd5 10. Bb2 Nd7 11. Nxd5 Bxd5 12. Rc1 Bf6 13. Ba3 Be7 14. Qc2 cxd4 15. Bxe7 Qxe7 16. Nxd4 Nc5 17. b4 Ne4 18. Bd3 Nf6 19. b5 Qa3 20. e4 Bb7 21. Nc6 Nd7 22. e5 h6 23. Rfe1 Nc5 24. Be4 Kh8 1/2-1/2

[Event "LSS No Engine Cup 179 Preliminary 0"]
[Site "LSS email"]
[Date "2018.05.28"]
[Round "?"]
[White "Schnoewitz, Brigitte"]
[Black "Ruzicka, Richard"]
[Result "0-1"]
[WhiteElo "1355"]
[BlackElo "1657"]
[PlyCount "84"]
[EventDate "2018.05.29"]
[EventType "tourn (corr)"]
[EventRounds "6"]
[EventCountry "GER"]
[SourceTitle "Corr 2022"]
[Source "ChessBase"]
[SourceDate "2021.10.24"]
[SourceVersion "1"]
[SourceVersionDate "2021.10.24"]
[SourceQuality "1"]

1. d4 Nf6 2. Nf3 e6 3. g3 b6 4. Bg2 Bb7 5. 0-0 Be7 6. Re1 0-0 7. c4 Na6 8. a3 d5 9. b3 c5 10. Bb2 dxc4 11. bxc4 cxd4 12. Bxd4 Nc5 13. Nc3 h6 14. Qc2 Bxf3 15. exf3 Qxd4 16. Nb5 Qd3 17. Qxd3 Nxd3 18. Red1 Nc5 19. f4 Rad8 20. Nxa7 Rxd1+ 21. Rxd1 Na4 22. Ra1 Bc5 23. Nc6 Ng4 24. Nb4 Nxf2 25. Kf1 Ng4 26. Ke1 Ne3 27. Bc6 Nb2 28. Bb5 Nbxc4 29. Bxc4 Bxb4+ 30. axb4 Nxc4 31. Ke2 b5 32. Kd3 Rd8+ 33. Ke4 f6 34. Ra7 Nd6+ 35. Kf3 Kh7 36. Ra6 h5 37. h3 Kg6 38. g4 hxg4+ 39. hxg4 Kf7 40. Rb6 Ke7 41. Kg3 Ne4+ 42. Kh4 Rh8# 0-1

[Event "LSS No Engine Cup 175 Preliminary 0"]
[Site "LSS email"]
[Date "2017.12.10"]
[Round "?"]
[White "Heiser, Jerome"]
[Black "Ruzicka, Richard"]
[Result "0-1"]
[WhiteElo "881"]
[BlackElo "1645"]
[PlyCount "82"]
[EventDate "2017.12.11"]
[EventType "tourn (corr)"]
[EventRounds "6"]
[EventCountry "GER"]
[SourceTitle "Corr 2022"]
[Source "ChessBase"]
[SourceDate "2021.10.24"]
[SourceVersion "1"]
[SourceVersionDate "2021.10.24"]
[SourceQuality "1"]

1. e4 c5 2. d4 cxd4 3. Qxd4 Nc6 4. Qe3 e6 5. Bb5 Qc7 6. Bxc6 Qxc6 7. Nc3 Bb4 8. Bd2 Ne7 9. Nf3 0-0 10. a3 Bc5 11. Qe2 d5 12. 0-0-0 d4 13. Nb5 Rd8 14. Bb4 Bxb4 15. axb4 Bd7 16. Nfxd4 Qa6 17. f4 Bxb5 18. Qe3 Qa1+ 19. Kd2 Qxb2 20. Ke1 Qxb4+ 21. c3 Qc4 22. Nxb5 Rxd1+ 23. Kxd1 Qxb5 24. g4 Qb1+ 25. Qc1 Rd8+ 26. Ke2 Qxe4+ 27. Kf2 Ng6 28. Rd1 Rxd1 29. Qxd1 Qxf4+ 30. Ke1 h6 31. Qd4 Qxd4 32. cxd4 Nf4 33. Kf2 b5 34. Ke3 Nd5+ 35. Kd3 a5 36. Kc2 a4 37. Kb2 b4 38. Ka2 Kh7 39. h4 Ne3 40. g5 hxg5 41. hxg5 Kg6 0-1

[Event "LSS No Engine Cup 175 Preliminary 0"]
[Site "LSS email"]
[Date "2017.12.10"]
[Round "?"]
[White "Ruzicka, Richard"]
[Black "Schubert, Steffen"]
[Result "0-1"]
[WhiteElo "1645"]
[BlackElo "2185"]
[PlyCount "42"]
[EventDate "2017.12.11"]
[EventType "tourn (corr)"]
[EventRounds "6"]
[EventCountry "GER"]
[SourceTitle "Corr 2022"]
[Source "ChessBase"]
[SourceDate "2021.10.24"]
[SourceVersion "1"]
[SourceVersionDate "2021.10.24"]
[SourceQuality "1"]

1. e4 e5 2. Nf3 Nf6 3. Nc3 Nc6 4. Bb5 Bb4 5. 0-0 d6 6. Re1 0-0 7. h3 h6 8. d4 Nxd4 9. Nxd4 exd4 10. Qxd4 Bc5 11. Qd1 c6 12. Bd3 Re8 13. Be3 Bxe3 14. Rxe3 d5 15. exd5 Rxe3 16. fxe3 Nxd5 17. Nxd5 Qxd5 18. Qe2 Qe5 19. c3 Be6 20. Re1 Bxa2 21. Bc4 Bxc4 0-1

[Event "LSS No Engine Cup 175 Preliminary 0"]
[Site "LSS email"]
[Date "2017.12.10"]
[Round "?"]
[White "Ruzicka, Richard"]
[Black "Shim Ng Min, Francis"]
[Result "1/2-1/2"]
[WhiteElo "1645"]
[BlackElo "1430"]
[PlyCount "107"]
[EventDate "2017.12.11"]
[EventType "tourn (corr)"]
[EventRounds "6"]
[EventCountry "GER"]
[SourceTitle "Corr 2022"]
[Source "ChessBase"]
[SourceDate "2021.10.24"]
[SourceVersion "1"]
[SourceVersionDate "2021.10.24"]
[SourceQuality "1"]

1. e4 c5 2. d4 cxd4 3. c3 d5 4. exd5 Qxd5 5. cxd4 Nf6 6. Nc3 Qd8 7. Bc4 e6 8. Nf3 Be7 9. 0-0 0-0 10. Re1 Nbd7 11. Bg5 h6 12. Bh4 Nb6 13. Bb3 Nfd5 14. Bxe7 Nxe7 15. Qe2 Ned5 16. Rad1 Nxc3 17. bxc3 Nd5 18. Qd3 b6 19. Bc2 g6 20. Ne5 Qg5 21. Nf3 Nf4 22. Nxg5 Nxd3 23. Bxd3 hxg5 24. Be4 Rb8 25. c4 Bb7 26. f3 Ba6 27. Rc1 Kg7 28. c5 bxc5 29. dxc5 Rfc8 30. c6 Rc7 31. Rc5 Rb2 32. Ra5 Rb6 33. Rxg5 Bb5 34. Rc5 f5 35. Bb1 Rcxc6 36. Rec1 Rxc5 37. Rxc5 a6 38. Bc2 Rc6 39. Rxc6 Bxc6 40. Kf2 f4 41. Bb3 e5 42. g3 Kf6 43. Bc2 g5 44. a3 Bb5 45. h4 fxg3+ 46. Kxg3 gxh4+ 47. Kxh4 Bd7 48. Kg3 Bf5 49. Bxf5 Kxf5 50. Kf2 Kf4 51. Ke2 e4 52. fxe4 Kxe4 53. Kd2 Kd4 54. Kc2 1/2-1/2

[Event "LSS No Engine Cup 171 Preliminary 0"]
[Site "LSS email"]
[Date "2017.07.10"]
[Round "?"]
[White "Kalinin, Vyacheslav"]
[Black "Ruzicka, Richard"]
[Result "1-0"]
[WhiteElo "1625"]
[BlackElo "1665"]
[PlyCount "79"]
[EventDate "2017.07.11"]
[EventType "tourn (corr)"]
[EventRounds "6"]
[EventCountry "GER"]
[SourceTitle "Corr 2022"]
[Source "ChessBase"]
[SourceDate "2021.10.24"]
[SourceVersion "1"]
[SourceVersionDate "2021.10.24"]
[SourceQuality "1"]

1. e4 c5 2. Bc4 e6 3. Nc3 a6 4. a4 Nc6 5. Nf3 Qc7 6. 0-0 Nf6 7. d3 Be7 8. Bg5 h6 9. Bh4 0-0 10. Re1 d6 11. Ba2 Rb8 12. d4 cxd4 13. Nxd4 Rd8 14. Qd2 e5 15. Bxf6 Bxf6 16. Nf3 Be6 17. Nd5 Bxd5 18. Bxd5 Ne7 19. Bb3 Rd7 20. Rad1 Rbd8 21. c4 b6 22. Re3 Ng6 23. g3 Nf8 24. Rd3 Be7 25. h4 Kh8 26. g4 Ne6 27. Nxe5 Nc5 28. Nxf7+ Kh7 29. Nxd8 Qxd8 30. e5 Nxb3 31. Rxb3 Bxh4 32. exd6 Rf7 33. d7 Bxf2+ 34. Qxf2 Rxf2 35. Kxf2 Kg6 36. Kg2 h5 37. Rxb6+ Qxb6 38. d8Q Qxb2+ 39. Rd2 Qb4 40. Qd6+ 1-0

[Event "LSS No Engine Cup 171 Preliminary 0"]
[Site "LSS email"]
[Date "2017.07.10"]
[Round "?"]
[White "Verich, Oleg"]
[Black "Ruzicka, Richard"]
[Result "0-1"]
[WhiteElo "1428"]
[BlackElo "1665"]
[PlyCount "62"]
[EventDate "2017.07.11"]
[EventType "tourn (corr)"]
[EventRounds "6"]
[EventCountry "GER"]
[SourceTitle "Corr 2022"]
[Source "ChessBase"]
[SourceDate "2021.10.24"]
[SourceVersion "1"]
[SourceVersionDate "2021.10.24"]
[SourceQuality "1"]

1. c4 Nf6 2. Nc3 e6 3. g3 d5 4. Bg2 d4 5. Ne4 Nxe4 6. Bxe4 e5 7. d3 Be7 8. Qb3 Nd7 9. Qc2 0-0 10. h4 f5 11. Bd5+ Kh8 12. Nh3 c6 13. Bf3 Nf6 14. Bg5 h6 15. Qd2 Ng4 16. Bxg4 fxg4 17. Bxe7 Qxe7 18. Ng1 Bd7 19. Rh2 c5 20. 0-0-0 b5 21. b3 bxc4 22. dxc4 Qf6 23. f3 Rae8 24. Rf2 Qa6 25. Kb2 e4 26. e3 gxf3 27. Re1 d3 28. Ref1 Qg6 29. Qa5 Qxg3 30. Qxc5 Qe5+ 31. Ka3 Qxc5+ 0-1

[Event "LSS No Engine Cup 158 Final"]
[Site "LSS email"]
[Date "2017.05.21"]
[Round "?"]
[White "Peraza Balleste, Orlando"]
[Black "Ruzicka, Richard"]
[Result "1-0"]
[WhiteElo "1834"]
[BlackElo "1632"]
[PlyCount "77"]
[EventDate "2017.05.22"]
[EventType "tourn (corr)"]
[EventRounds "6"]
[EventCountry "GER"]
[SourceTitle "Corr 2022"]
[Source "ChessBase"]
[SourceDate "2021.10.24"]
[SourceVersion "1"]
[SourceVersionDate "2021.10.24"]
[SourceQuality "1"]

1. e4 c5 2. Nf3 Nc6 3. d4 cxd4 4. Nxd4 Nf6 5. Nc3 e6 6. g4 Bb4 7. Bg2 Qb6 8. Nxc6 Bxc3+ 9. bxc3 Qxc6 10. Qd4 0-0 11. 0-0 e5 12. Qxe5 d6 13. Qd4 Bxg4 14. Ba3 Rfd8 15. e5 dxe5 16. Qxd8+ Rxd8 17. Bxc6 bxc6 18. Be7 Rd7 19. Bxf6 gxf6 20. f3 Bf5 21. Rad1 Rc7 22. Kf2 Bxc2 23. Rd6 Kg7 24. Rg1+ Bg6 25. f4 exf4 26. Rg4 f3 27. Kxf3 Kf8 28. Rc4 Bb1 29. Rcxc6 Rxc6 30. Rxc6 Bxa2 31. Ke4 Bb1+ 32. Kd4 f5 33. Ke5 Kg7 34. c4 a5 35. c5 Be4 36. Rb6 a4 37. c6 f6+ 38. Kf4 a3 39. c7 1-0

[Event "LSS No Engine Cup 158 Final"]
[Site "LSS email"]
[Date "2017.05.21"]
[Round "?"]
[White "Ruzicka, Richard"]
[Black "Bonthuys, Adrian"]
[Result "0-1"]
[WhiteElo "1632"]
[BlackElo "1600"]
[PlyCount "84"]
[EventDate "2017.05.22"]
[EventType "tourn (corr)"]
[EventRounds "6"]
[EventCountry "GER"]
[SourceTitle "Corr 2022"]
[Source "ChessBase"]
[SourceDate "2021.10.24"]
[SourceVersion "1"]
[SourceVersionDate "2021.10.24"]
[SourceQuality "1"]

1. e4 e6 2. d4 d5 3. Nc3 Bb4 4. e5 c5 5. Bd2 Ne7 6. Nb5 Bxd2+ 7. Qxd2 0-0 8. c3 Nd7 9. f4 Nf5 10. Bd3 cxd4 11. Nxd4 Nc5 12. Bxf5 exf5 13. Ngf3 Ne4 14. Qe2 Bd7 15. 0-0 Rc8 16. Nd2 Qh4 17. Nxe4 dxe4 18. Rae1 Rfd8 19. Qf2 Qh6 20. Re3 Qb6 21. Rh3 Be6 22. a3 Rd7 23. Re3 Bc4 24. Rfe1 g6 25. Rd1 f6 26. exf6 Qxf6 27. g3 Rcd8 28. Kg2 Qf8 29. Rd2 Qf7 30. h3 Bd3 31. Rexd3 exd3 32. Rxd3 Re8 33. Rd2 Qc4 34. h4 a6 35. Kh3 Re4 36. Kg2 Kh8 37. Kh3 Rde7 38. Kg2 Re3 39. Kh3 Kg7 40. Kg2 R7e4 41. Kh2 Rd3 42. Re2 Rdxd4 0-1

[Event "LSS No Engine Cup 158 Final"]
[Site "LSS email"]
[Date "2017.05.21"]
[Round "?"]
[White "Ruzicka, Richard"]
[Black "Obrien, Glenn"]
[Result "1/2-1/2"]
[WhiteElo "1632"]
[BlackElo "1625"]
[PlyCount "86"]
[EventDate "2017.05.22"]
[EventType "tourn (corr)"]
[EventRounds "6"]
[EventCountry "GER"]
[SourceTitle "Corr 2022"]
[Source "ChessBase"]
[SourceDate "2021.10.24"]
[SourceVersion "1"]
[SourceVersionDate "2021.10.24"]
[SourceQuality "1"]

1. e4 e5 2. Nf3 Nc6 3. Bb5 a6 4. Ba4 Nf6 5. 0-0 Be7 6. Re1 b5 7. Bb3 0-0 8. h3 d6 9. c3 Na5 10. Bc2 c5 11. d4 Qc7 12. Nbd2 cxd4 13. cxd4 Nc6 14. Nb3 a5 15. Be3 a4 16. Nbd2 Bd7 17. a3 Rfe8 18. Rc1 Qb7 19. Nf1 Bd8 20. Ng3 h6 21. d5 Ne7 22. Bd2 Rc8 23. Bb4 Qb8 24. Qe2 Bb6 25. Bd3 Ng6 26. Qd2 Nf4 27. Bb1 Rxc1 28. Rxc1 Rc8 29. Rxc8+ Bxc8 30. Nh4 g6 31. Ne2 N6h5 32. Nxf4 Nxf4 33. Bd3 Bb7 34. Bf1 g5 35. Nf3 f5 36. g3 Ng6 37. Nxg5 hxg5 38. Qxg5 Kf7 39. exf5 Ne7 40. Qh5+ Kg7 41. Qg5+ Kf7 42. Qh5+ Kg7 43. Qg5+ Kf7 1/2-1/2

[Event "LSS No Engine Cup 169 Preliminary 0"]
[Site "LSS email"]
[Date "2017.05.07"]
[Round "?"]
[White "Molina, Vicente Andres"]
[Black "Ruzicka, Richard"]
[Result "0-1"]
[WhiteElo "1003"]
[BlackElo "1632"]
[PlyCount "66"]
[EventDate "2017.05.08"]
[EventType "tourn (corr)"]
[EventRounds "6"]
[EventCountry "GER"]
[SourceTitle "Corr 2022"]
[Source "ChessBase"]
[SourceDate "2021.10.24"]
[SourceVersion "1"]
[SourceVersionDate "2021.10.24"]
[SourceQuality "1"]

1. e4 c5 2. Nf3 Nc6 3. d4 cxd4 4. Bb5 Qa5+ 5. Bd2 Qxb5 6. a4 Qb6 7. 0-0 e5 8. c3 Nf6 9. cxd4 Nxd4 10. Nxd4 Qxd4 11. Bc3 Qxd1 12. Rxd1 d6 13. Na3 Bd7 14. Nb5 Bxb5 15. axb5 Be7 16. f3 0-0 17. Ra4 Rfd8 18. b6 axb6 19. Rxa8 Rxa8 20. h4 h6 21. g4 Rd8 22. g5 hxg5 23. hxg5 Nh5 24. Kg2 Nf4+ 25. Kg3 Ne2+ 26. Kf2 Nxc3 27. bxc3 Bxg5 28. Rd5 Be7 29. Ke3 Rc8 30. Kd3 Rc5 31. Rxc5 bxc5 32. Kc4 g6 33. Kd5 Kg7 0-1